000 00620nam a2200217 4500
001 175916
003 ES-MaACL
005 20230906215938.0
008 101130s2006 sp |||| |dspa d
020 _a84-8374-585-2
080 _a821.134.2-14"19"
100 1 _aVázquez Marín, Juana.
_9144130
245 1 0 _aGramática de luna /
_cJuana Vázquez Marín.
250 _a1ª ed.
260 _aMadrid :
_bHuerga y Fierro,
_c2006.
300 _a69 p. ;
_c22 cm.
490 1 _aPoesía
830 0 _aPoesía
_9177794
852 _aES-MaACL
_j2304-F-4
_z. - Dedicatoria autógrafa de la autora
999 _c175916
_d175916